00225nam a22000977a 4500008004100000082001100041245004100052260000900093300001000102440001500112180807b xxu||||| |||| 00| 0 eng d a813.52 aPrimary Source InvestigatorcHil,M.G c2005 a1fCD x0072918470